Desarrollo de prototipo de sistema de gestión eléctrica inteligente para casa DC

সংরক্ষণ করুন:
গ্রন্থ-পঞ্জীর বিবরন
প্রধান লেখক: Murillo Rodríguez, José David, 1992-
অন্যান্য লেখক: Willink Castro, Teodoro, 1986- Director de Proyecto Eléctrico
বিন্যাস: গ্রন্থ
ভাষা:Spanish
প্রকাশিত: [San José ], Costa Rica 2016
বিষয়গুলি:
ট্যাগগুলো: ট্যাগ যুক্ত করুন
কোনো ট্যাগ নেই, প্রথমজন হিসাবে ট্যাগ করুন!

MARC

LEADER 00000nam a22000007a 4500
003 012638
005 20230707112444.0
008 170927b2016 cr a|||| m||||00| ||spa d
040 |c cru CEDI 
100 |9 935  |a Murillo Rodríguez, José David, 1992- 
245 |a Desarrollo de prototipo de sistema de gestión eléctrica inteligente para casa DC 
260 |a [San José ], Costa Rica  |c 2016 
300 |a xi, 52 hojas; ilustraciones algunas a color 
500 |a Proyecto de graduación (bachillerato en ingeniería eléctrica)--Universidad de Costa Rica. Facultad de Ingeniería. Escuela de Ingeniería Eléctrica 
501 |a Profesor Guía de IE-0499 Proyecto Eléctrico: Ing. Teodoro Willink Castro, M.Sc 
650 |x SISTEMAS DE ENERGIA ELECTRICA   |x VIVIENDAS - ABASTECIMIENTO DE ENERGIA   |x SISTEMAS DE CONTROL INTELIGENTE  |x DISTRIBUCION DE ENERGIA ELECTRICA   |x RECURSOS ENERGETICOS RENOVABLES   |9 9939 
700 |9 728  |a Willink Castro, Teodoro, 1986-  |d Director de Proyecto Eléctrico  
942 |c CEDI  |h TFG 7789  |6 TFG_7789_000000000000000 
999 |c 19019  |d 19019